Fictional Crocodiles - Statistics

General Stats
  • This quiz has been taken 5 times
  • The average score is 2 of 10
Answer Stats
Hint Answer % Correct
Batman enemy Killer Croc
100%
Donkey Kong's archenemy King K Rool
50%
Sonic the Hedgehog detective Vector
50%
Night In The Woods character Beatrice
0%
Villain in The Outback Bog
0%
Main Antagonist of The Get Along Gang Catchum
0%
One of the Flushed Pets in The Secret Life Of Pets Derick
0%
Kung Fu Panda: Legends of Awesomeness bandit leader; often says "DARN IT!!!" Fung
0%
Water-Elemented Trap Master from Skylanders Snap Shot
0%
Wants to eat Captain Hook Tick Tock
0%
No matching quizzes found
Score Distribution
Percent of People with Each Score
Percentile by Number Answered
Your Score History
You have not taken this quiz